[Event "FRA-chT2S"]
[Site "France"]
[Date "2003.03.16"]
[Round "9.4"]
[White "Wauters, Pascal"]
[Black "Dimitrov, Christo"]
[Result "1-0"]
[WhiteElo "2181"]
[BlackElo "2223"]
[PlyCount "73"]
[EventDate "2002.10.??"]
[EventType "team"]
[EventRounds "11"]
[EventCountry "FRA"]
[SourceTitle "EXT 2004"]
[Source "ChessBase"]
[SourceDate "2003.11.25"]
[SourceVersion "1"]
[SourceVersionDate "2003.11.25"]
[SourceQuality "1"]

1. Nf3 c5 2. e4 e6 3. d4 cxd4 4. Nxd4 Qb6 5. Nb3 Qc7 6. Bd3 Nf6 7. Qe2 d6 8. 0-0 Be7 9. Nc3 a6 10. Bd2 Nc6 11. f4 b6 12. Rae1 Bb7 13. e5 dxe5 14. fxe5 Nd7 15. Bf4 Nc5 16. Nxc5 Bxc5+ 17. Kh1 Nb4 18. Be4 Bxe4 19. Nxe4 Nd5 20. Bg3 Qc6 21. c4 Ne3 22. Qf3 0-0-0 23. Rxe3 Bxe3 24. Qxe3 Rd7 25. h3 Kb8 26. Nd6 Ka7 27. b4 Rf8 28. b5 Qc5 29. Qc3 f6 30. bxa6 Kxa6 31. Ne4 Qa5 32. Qb3 Rd4 33. Nd6 Rd8 34. Qf3 Qd2 35. Qb7+ Ka5 36. Qa7+ Kb4 37. Qxb6+ 1-0